| 000 | 01300cam a2200385 a 4500 | ||
|---|---|---|---|
| 001 | 2024117 | ||
| 005 | 20260120164447.0 | ||
| 008 | 910906s1991 nyua 001 0 eng | ||
| 010 | _a 91192739 | ||
| 020 | _a0070447918 | ||
| 020 | _a9780070447912 | ||
| 035 | _a2024117 | ||
| 040 |
_aDLC _cDLC |
||
| 050 | 0 | 0 |
_aT385 _b.M382 1991 |
| 082 | 0 | 0 |
_a620.0042 MCG _220 |
| 100 | 1 |
_aMcGinnis, Richard G. _922209 |
|
| 110 |
_aRichard G. McGinnis Jr. _9132854 |
||
| 245 | 1 | 0 |
_aLearning CADKEY / _cRichard G. McGinnis and Richard G. McGinnis Jr. |
| 260 |
_aNew York, N.Y. : _bMcGraw Hill, _c[c1991]. |
||
| 300 |
_axvi, 266 p. : _bill. ; _c28 cm. |
||
| 336 |
_atext _btxt _2rdacontent |
||
| 337 |
_aunmediated _bn _2rdamedia |
||
| 338 |
_avolume _bnc _2rdacarrier |
||
| 500 | _aCover title. | ||
| 500 | _a"Written for CADKEY 4 and CADKEY LIGHT"-Cover. | ||
| 500 | _aIncludes index. | ||
| 630 | 0 | 0 |
_aCADKey. _9132855 |
| 650 | 0 |
_aComputer graphics. _91225 |
|
| 650 | 0 | _aComputer-aided design. | |
| 700 | 1 |
_aMcGinnis, Richard G., _cJr. _9132856 |
|
| 906 |
_a7 _bcbc _corignew _d2 _encip _f19 _gy-gencatlg |
||
| 942 |
_2ddc _cBK |
||
| 999 |
_c615879 _d615879 |
||